000 01457nam a2200289Ia 4500
001 B0783
003 IT-RoPAU
008 130308s9999 xx 000 0 und d
040 _aIT-RoPAU
040 _cIT-RoPAU
041 _aFRANCESE
100 _aPeretz Louis
100 _gCodice Aut. SPICS: 37173
245 _aImage en 3 dimensions (L')
245 _bImage En 3 Dimensions (L')
250 _a1a ed.
260 _aPARIS
260 _bCNRS
260 _c1990 [1° Ed.:1990 - Ed.Ling.Originale:1990]
300 _a"160 p. (prefazione: no ; testo: 160 [pagine: 0-0])"
500 _aImmagine a tre Dimensioni. Percezione Tridimensionale. Visione Monoculare e Binoculare. Percezione dei Limiti e fenomeno di Costanza. immagine in Rilievo. Stereoscopio. proiezione in Rilievo. Altri Processi in Rilievo. teorie dell'Immagine in Rilievo: Mondo della Terza Dimensione, Illusione Ottica,Ricostruzione della Realtà, immagine Tridimensionale Simulata. Tecniche di Proiezione: Manipolazioni delle Vedute, Materiale di Proiezione, Condizioni di Proiezione. Tecniche D'Inquadratura. Spettacolo in Rilievo. Nuova Forma d'arte . Concezione del Diaporama a tre Dimensioni. Tecnica di Scrittura del Diaporama. Realizzazione del Diaporama. scelta del Materiale. prospettive dell'Immagine Tridimensionale. Bibliografia.
650 _aTEORIA/LINGUAGGI DI ICONOLOGIA
650 _eCodice materia Spics: 5153
942 _cBK
957 _71
999 _c91036
_d91036
999 _g1